| 000 | 00791nam a22002417a 4500 | ||
|---|---|---|---|
| 999 |
_c3718 _d3718 |
||
| 003 | AR-CdUCM | ||
| 008 | 190307b ||||| |||| 00| 0 spa d | ||
| 040 |
_aMUNICIPALIDAD PROVINCIAL DEL CUSCO _cBIBLIOTECA MUNICIPAL DEL CUSCO |
||
| 041 | _hita | ||
| 082 |
_29ed. _a858.9 / _bM19 |
||
| 100 |
_aMalaparte, Curzio. _910168 |
||
| 245 | _aKaputt / | ||
| 260 |
_aMéxico : _bDiana, _c1964. |
||
| 300 |
_a363 paginas ; _c20 cm. |
||
| 500 | _atitulo original : Kaputt | ||
| 505 | _aLos caballos -- Naturaleza equina -- Las ratas -- Las ratas de Jassy -- Las noches de invierno -- Los pájaros... | ||
| 650 |
_aNovelas italianas _99329 |
||
| 650 |
_aSiglo XX _98 |
||
| 650 |
_aLiteratura Europea _9894 |
||
| 700 |
_aColl Robert, R. (Traductor) _912041 |
||
| 942 |
_2ddc _cLIBROS |
||
| 945 | _awnts | ||